[Event "Tarragona-chB"]
[Site "Tarragona"]
[Date "2017.11.12"]
[Round "7"]
[White "Carrete Recasens, Jordi"]
[Black "Mercade Dolcet, Juan Maria"]
[Result "1/2-1/2"]
[WhiteElo "1713"]
[BlackElo "1639"]
[PlyCount "77"]
[EventDate "2017.10.08"]
[EventType "swiss"]
[EventRounds "9"]
[EventCountry "ESP"]
[SourceTitle "CBM 181 Extra"]
[Source "ChessBase"]
[SourceDate "2017.12.12"]
[SourceVersion "1"]
[SourceVersionDate "2017.12.12"]
[SourceQuality "1"]

1. Nf3 Nf6 2. d4 d5 3. Bg5 e6 4. e3 Be7 5. c4 0-0 6. Nc3 h6 7. Bh4 c6 8. cxd5 exd5 9. Bd3 Bg4 10. h3 Bh5 11. g4 Bg6 12. Bxg6 fxg6 13. Ne5 g5 14. Bg3 Qe8 15. Qc2 Bb4 16. f3 Nbd7 17. 0-0 Nxe5 18. Bxe5 Nd7 19. f4 Nxe5 20. fxe5 Qe6 21. Qb3 Bxc3 22. bxc3 b6 23. Qc2 h5 24. Qe2 h4 25. Qc2 Rf7 26. Rxf7 Qxf7 27. Rf1 Qe6 28. Qf5 Qe7 29. Qg6 Rf8 30. Qxc6 Rxf1+ 31. Kxf1 Qf7+ 32. Kg2 Kh7 33. e6 Qg6 34. Qxd5 Qc2+ 35. Kf3 Qd1+ 36. Ke4 Qh1+ 37. Ke5 Qh2+ 38. Kf5 Qf2+ 39. Ke5 1/2-1/2

[Event "Tarragona-chB"]
[Site "Tarragona"]
[Date "2017.11.05"]
[Round "6"]
[White "Mercade Dolcet, Juan Maria"]
[Black "Ferrer Dalmau, Josep Antonio"]
[Result "1/2-1/2"]
[WhiteElo "1639"]
[BlackElo "1680"]
[PlyCount "37"]
[EventDate "2017.10.08"]
[EventType "swiss"]
[EventRounds "9"]
[EventCountry "ESP"]
[SourceTitle "CBM 181 Extra"]
[Source "ChessBase"]
[SourceDate "2017.12.12"]
[SourceVersion "1"]
[SourceVersionDate "2017.12.12"]
[SourceQuality "1"]

1. Nf3 d5 2. c4 c6 3. d4 Nf6 4. Nc3 g6 5. Bg5 Bg7 6. e3 0-0 7. Be2 dxc4 8. Bxc4 Bg4 9. 0-0 Nbd7 10. h3 Bxf3 11. Qxf3 b5 12. Bb3 a5 13. Qxc6 a4 14. Bc2 b4 15. Nd5 Rc8 16. Qxc8 Qa5 17. Nxf6+ Nxf6 18. Qc5 Qxc5 19. dxc5 1/2-1/2

[Event "Tarragona-chB"]
[Site "Tarragona"]
[Date "2017.10.08"]
[Round "1"]
[White "Fernandez Alvarez, Javier"]
[Black "Mercade Dolcet, Juan Maria"]
[Result "0-1"]
[WhiteElo "1371"]
[BlackElo "1639"]
[PlyCount "64"]
[EventDate "2017.10.08"]
[EventType "swiss"]
[EventRounds "9"]
[EventCountry "ESP"]
[SourceTitle "CBM 181 Extra"]
[Source "ChessBase"]
[SourceDate "2017.12.12"]
[SourceVersion "1"]
[SourceVersionDate "2017.12.12"]
[SourceQuality "1"]

1. f4 Nf6 2. b3 e6 3. Bb2 Be7 4. Nf3 0-0 5. e3 d6 6. Be2 b6 7. 0-0 Bb7 8. d3 Nbd7 9. Nbd2 d5 10. c4 c6 11. Ne5 c5 12. Ndf3 Qc7 13. Qc1 Rac8 14. Nxd7 Nxd7 15. Ne5 f6 16. Nf3 e5 17. fxe5 fxe5 18. Qe1 Bf6 19. Rb1 Rf7 20. Qg3 d4 21. e4 h6 22. Bc1 Kh8 23. Qh3 Rcf8 24. Bd2 Bc8 25. Qh5 Qd8 26. Bxh6 gxh6 27. Qxh6+ Rh7 28. Qg6 Rg8 29. Qxg8+ Qxg8 30. Rf2 Bg5 31. Rbf1 Bf4 32. h3 Qg3 0-1

[Event "Tarragona Province-chB"]
[Site "L'Hospitalet Infant"]
[Date "2016.11.27"]
[Round "9"]
[White "Mercade Dolcet, Juan Maria"]
[Black "Garcia Verges, Santiago"]
[Result "1-0"]
[WhiteElo "1651"]
[BlackElo "1700"]
[PlyCount "99"]
[EventDate "2016.10.02"]
[EventType "swiss"]
[EventRounds "9"]
[EventCountry "ESP"]
[SourceTitle "EXT 2018"]
[Source "ChessBase"]
[SourceDate "2017.10.13"]
[SourceVersion "1"]
[SourceVersionDate "2017.10.13"]
[SourceQuality "1"]

1. Nf3 Nf6 2. d4 d5 3. c4 e6 4. Bg5 Be7 5. Nc3 b6 6. e3 0-0 7. Be2 Bb7 8. 0-0 Re8 9. h3 dxc4 10. Bxc4 Nbd7 11. Rc1 Ne4 12. Bf4 Bd6 13. Bxd6 cxd6 14. d5 Nxc3 15. Rxc3 e5 16. e4 a5 17. Bb5 Rc8 18. Qc2 Rxc3 19. Qxc3 Re7 20. Nd2 Nc5 21. b4 axb4 22. Qxb4 Ba6 23. Bxa6 Nxa6 24. Qb5 Nc5 25. Rb1 Rb7 26. f3 h6 27. Nc4 Qd7 28. Qc6 Rc7 29. Qxd7 Rxd7 30. Rxb6 Nb7 31. a4 Rc7 32. Rc6 Rd7 33. a5 Nxa5 34. Nxa5 Kf8 35. Rc8+ Ke7 36. Nc6+ Kf6 37. Rd8 Rxd8 38. Nxd8 Ke7 39. Nc6+ Kd7 40. Kf2 h5 41. Kg3 g5 42. h4 f6 43. Kh3 Ke8 44. g4 hxg4+ 45. Kxg4 gxh4 46. Kxh4 Kf7 47. Kh5 Kg7 48. Kg4 Kg6 49. Ne7+ Kf7 50. Nc8 1-0

[Event "Tarragona Province-chB"]
[Site "L'Hospitalet Infant"]
[Date "2016.10.02"]
[Round "1"]
[White "Mercade Dolcet, Juan Maria"]
[Black "Bondia Borras, Josep M"]
[Result "0-1"]
[WhiteElo "1651"]
[BlackElo "1846"]
[PlyCount "74"]
[EventDate "2016.10.02"]
[EventType "swiss"]
[EventRounds "9"]
[EventCountry "ESP"]
[SourceTitle "EXT 2018"]
[Source "ChessBase"]
[SourceDate "2017.10.13"]
[SourceVersion "1"]
[SourceVersionDate "2017.10.13"]
[SourceQuality "1"]

1. Nf3 d6 2. d4 e6 3. e4 Ne7 4. Nc3 Ng6 5. Bd3 f6 6. 0-0 Be7 7. Re1 a6 8. e5 f5 9. h3 d5 10. Ne2 c6 11. a3 Nd7 12. Nf4 Ndf8 13. c3 Nxf4 14. Bxf4 g5 15. Bd2 h5 16. Nh2 Kd7 17. c4 Ke8 18. Bb4 Bxb4 19. axb4 Bd7 20. b5 a5 21. cxd5 cxd5 22. Be2 g4 23. Qb3 Ng6 24. b6 Nf4 25. Rac1 gxh3 26. g3 Qg5 27. Bb5 Rh7 28. Bxd7+ Rxd7 29. Qb5 Qg7 30. Rc7 Rad8 31. Rec1 h4 32. Rxd7 Rxd7 33. Rc7 hxg3 34. Qxd7+ Qxd7 35. Rxd7 gxh2+ 36. Kxh2 Kxd7 37. Kg3 Kc6 0-1